000 00416nam a2200157Ia 4500
003 LK-CoDNM
008 010623t1963 xxu||||| |||| 00| 1 eng d
040 _aLK-CoDNM
_dLK-CoDNM
_eLK-CoDNM
041 _aeng
080 _a882.31 SOL
100 _aSolzhenitsyn, Alexander
245 _aOne day in the life of Ivan Denisovich
260 _bFrederick A.Praeger
_aNew York
_c1963
300 _b, 21021 cm
942 _cBK
999 _c106250
_d106250